01152nas a2200337 4500001001300000003000900013005001700022007000300039008003400042040005400076041000900130072000800139100002000147100002100167100001800188245012000206650001500326650001000341650000900351650001400360650001000374650001300384650001800397650002100415650001700436773012700453909004000580942001800620999001900638952015700657BR2012007858BR-BrBNA20231205121329.0ta230509b bl.|||p| |||| 00| 00por d aBR-BrBNAbporcBiblioteca Nacional de Agricultura a(Pt) aP101 aPlawiak, R.A.B.1 aFigueiredo, B.R.1 aLicht, O.A.B.1 aOcorrência de mercúrio em rochas, solo e sedimento fluvial na Bacia do Rio Iguaçu, Estado do Paraná, Brazil aMERCÚRIO aROCHA aSOLO aSEDIMENTO aBACIA aPARANÁ aGEOMORFOLOGIA aSEDIMENTAÇÃO aGEOQUÍMICA0 tGeociências - Universidade Estadual Paulista (Brazil)xISSN 0101-9082g(Oct-Dec 2006), V. 25(4) p. 437-447wBR2012007858 a202311bLúciac55dLúcia Elande 2AGRISn0cANA c222988d222988 002AGRIS4071a41918b41918cPeriódicos Agrícolash(Oct-Dec 2006), V. 25(4) p. 437-447l0r2023-11-29t01yCRePortaria Interministerial nº 164/94